MDQL
is popping MORE tags! Check the
thread
!
Quizzes
Events
Quiz Creation
Community
Videos
Private Events
Remove Ads
Sign In
Join for FREE
Feedback
Dark Mode
Quiz Categories
Sports
Geography
Music
Movies
Television
Just For Fun
Miscellaneous
History
Literature
Language
Science
Gaming
Entertainment
Religion
Holiday
For Kids
Quiz Lab
Recent
Popular Today
Quiz Kudos Today
Editor Picks
Curator Picks
Quizzes by...
Day
Popularity
Type
Ratings
Length
Year
Community
Subscriptions
Recent Discussions
Orange Saloon
Badges
Playlists
Quests
Create
Leaderboards
Showdown
Live 5
Trivia Bingo
Activity
Puzzle Library
Sporcle Events
Private Events
Virtual Trivia
Globe League
Become a Host
Pub Owners
SporcleCon
Opinionation
Our Games
Videos
Blog
Mobile Apps
Partnerships
Remove Ads and Go Orange
Feedback
Television
TV Characters
TV Show
Sitcom
Network
Friends
Reality Shows
Cast
South Park
Star Trek
The Simpsons
Doctor Who
Television
TV Characters
TV Show
Sitcom
Network
Friends
Reality Shows
Cast
South Park
Star Trek
The Simpsons
Doctor Who
Random Quiz
Search Sporcle
×
Quiz Lab
Quiz Lab
Television
Star Trek
Type in answers that appear in a list
Type in answers that appear in a list
Classic
Best Score? Go Orange.
Star Trek TOS Episode Titles Stats
Can you name the Star Trek TOS Episode Titles?
By
erastus25
20m
79 Questions
1,664 Plays
1,664 Plays
1,664 Plays
Comments
Comments
Give Quiz Kudos
Give Quiz Kudos
-
- Ratings
hide this ad
Replay
Link that replays current quiz
Next Quiz
Link to next quiz in quiz playlist
You Got
0%
They Got
Avg Score
79%
Avg Friend Score
Upgrade to see
Score Distribution
Jump to the score distribution portion of the page
Score
0/79
Timer
20:00
0
Plays Today
Production Number
Episode Title
% Correct
1
The Cage
96.7%
2
Where No Man Has Gone Before
94.2%
16
The Menagerie
92.7%
34
Amok Time
91.3%
28
City on the Edge of Forever
91.1%
12
Miri
90.8%
8
Charlie X
90.7%
42
The Trouble with Tribbles
90.5%
4
Mudd's Women
90%
6
The Man Trap
88.5%
3
The Corbomite Maneuver
88%
61
Spock's Brain
87%
7
The Naked Time
87%
17
Shore Leave
86.8%
44
Journey to Babel
86.2%
21
Tomorrow is Yesterday
85.6%
41
I, Mudd
85.6%
29
Operation -- Annihilate!
85.5%
19
Arena
85.2%
65
For the World is Hollow and I have Touched the Sky
85%
79
Turnabout Intruder
84.5%
38
The Apple
84.1%
24
Space Seed
84%
26
The Devil in the Dark
83.8%
30
Catspaw
83.7%
39
Mirror, Mirror
83.4%
15
Court Martial
82.9%
18
The Squire of Gothos
82.6%
33
Who Mourns for Adonais?
82.6%
49
A Piece of the Action
82.6%
13
Conscience of the King
82.5%
14
The Galileo Seven
82.3%
9
Balance of Terror
81.9%
59
The Enterprise Incident
81.9%
10
What Are Little Girls Made Of?
81.7%
11
Dagger of the Mind
80.6%
55
Assignment: Earth
80.6%
43
Bread and Circuses
80.2%
22
The Return of the Archons
80%
25
This Side of Paradise
80%
Production Number
Episode Title
% Correct
36
Wolf in the Fold
79.9%
78
All Our Yesterdays
79.7%
35
The Doomsday Machine
79.3%
46
The Gamesters of Triskelion
79.1%
58
The Paradise Syndrome
78.2%
56
Spectre of the Gun
78.1%
5
The Enemy Within
78%
60
And the Children Shall Lead
77.7%
67
Plato's Stepchildren
76.8%
27
Errand of Mercy
76.6%
32
Friday's Child
76.3%
45
A Private Little War
76.3%
64
The Tholian Web
75.8%
70
Let That Be Your Last Battlefield
75.8%
74
The Cloud Minders
75.8%
51
Return to Tomorrow
74.8%
54
The Omega Glory
74.8%
66
Day of the Dove
74.8%
73
The Lights of Zetar
74.3%
53
The Ultimate Computer
74.2%
47
Obsession
74.1%
75
The Way to Eden
73.9%
37
The Changeling
73.5%
62
Is There in Truth No Beauty?
72.6%
63
The Empath
72.1%
20
The Alternative Factor
72.1%
23
A Taste of Armageddon
71.4%
76
Requiem for Methuselah
71.2%
52
Patterns of Force
71.1%
57
Elaan of Troyius
70.7%
40
The Deadly Years
70.7%
48
The Immunity Syndrome
69.8%
50
By Any Other Name
69.5%
31
Metamorphosis
68.9%
77
The Savage Curtain
68.8%
68
Wink of an Eye
66.8%
71
Whom Gods Destroy
65%
72
The Mark of Gideon
61.8%
69
That Which Survives
60.9%
Quiz Playlist
Details
Report
Send in Message
Add To Playlist
Classic:
Type in answers that appear in a list
Last Updated: Dec 10, 2018
Quiz Scoreboard
CHALLENGE
Sign Up to Join the Scoreboard
Show All
Scores
Hide
Comments
May contain spoilers
Recently Published
1-10 Letter E Words III
by El_Dandy
Language
2m
Street Fighter Characters
by Artimus82
Gaming
60s
College Basketball Coaching Resumes
by pancakes188
Sports
9m
More to Explore
Quiz From the Vault
Featured Blog Post
Where Did the Easter Bunny Come From?
hide this ad
You Might Also Like...
Tags
Numbers Quiz
Star Trek Quiz
Airdate
episode
production
star
TOS
TOS Episodes
trek
Today's Top Quizzes in Television
Browse Television
hide this ad
Today's Top Quizzes in Star Trek
Browse Star Trek
Top Contributed Quizzes in Television
1
Survivor Journey Challenge
2
Adjectives in 80s TV Shows
3
Adjectives in 00s TV Shows
4
5-to-1: The Simpsons Families
5
Adjectives in 10s TV Shows
6
5-to-1: Television Doctors
7
7-to-1: TV Show Settings
8
Adjectives in 70s TV Shows
9
5-to-1: Streaming Originals
10
Survivor Seasons
Explore More
Trending Topics
Crossword
Harry Potter
Disney
Marvel
Kpop
NBA
Anime
The Office
Soccer
Song
NFL
Puzzle
Country
WWE
Pokémon
hide this ad
More By:
erastus25
Quiz
Plays
Rating
Category
Featured
Created
WCW-Era World Heavyweight Champions
1,906
4.29
Sports
Oct 14, 2009
Star Trek TOS Episode Titles
1,664
4.33
Television
Oct 13, 2009
NBA Annual Points Leaders
421
4.50
Sports
Oct 13, 2009
Go to Creator's Profile
Score Distribution
Quiz Creator Spotlight
erastus25
Follow
Send a Message
Quizzes Created
-
Created Quiz Play Count
-
More By This Creator
Popular Quizzes Today
1
Find the US States - No Outlines Minefield
2
Find the Countries of Europe - No Outlines Minefield
3
The Countries of the World
4
Find the US States
5
Risky Map Clicking: Biggest States A-Z
6
US States
7
Popular People in 1961
8
Movies - When Are They Set?
More Television Quizzes
Click The Simpsons Episodes: (Season 10)
Quiz Lab
Trending Quizzes
Risky Map Clicking: Least Populous States A-Z
1-10 Letter G Words
1-10 Letter F Words
Countries of the World: 200 Million BC
Risky Map Clicking: Next State Alphabetically
Recently Updated
Most Oscar Losses (Acting)
pecheneg
Beyoncé Albums
pecheneg
Leaping Animals
pecheneg
Reality TV Shows (A-Z)
bhenderson79
Rickey Henderson's Hall of Fame Teammates
pecheneg
Champions League XIs: Arsenal
pecheneg
Quick Pick: Celebrities in WWE's Hall of Fame
aduchscher
A-Z Keypad Blitz II
pecheneg
Multiple Oscar Actors
pecheneg
Mystery Phrase Blitz: Oscar 'Best Actors'
pecheneg
Trending Topics
Marvel
Harry Potter
Kpop
Disney
NBA
Crossword
Anime
The Office
Soccer
WWE
Pokémon
Country
Puzzle
Song
NFL
Your Account Isn't Verified!
In order to create a playlist on Sporcle, you need to verify the email address you used during registration. Go to your
Sporcle Settings
to finish the process.
Report this User
Report this user for behavior that violates our
Community Guidelines
.
Details:
Send Report
Go to the Sporcle.com Mobile Site →
Comments